Vista normal
Vista MARC
- Congreso "Fiapas"
Entrada Nombre congreso
Número de registros utilizados en: 1
001 - NÚMERO DE CONTROL
- campo de control: 482
003 - IDENTIFICADOR DEL NÚMERO DE CONTROL
- campo de control: ES-MaFIAP
005 - FECHA Y HORA DE LA ÚLTIMA TRANSACCIÓN
- campo de control: 20221003094401.0
008 - DATOS DE LONGITUD FIJA
- campo de control de longitud fija: 221003|| aca||aabn | a|a d
040 ## - FUENTE DE LA CATALOGACIÓN
- Centro catalogador/agencia de origen: ES-MaFIAP
- Centro/agencia transcriptor: ES-MaFIAP
111 ## - ENCABEZAMIENTO--NOMBRE DE CONGRESO/REUNIÓN
- Nombre de congreso/reunión o jurisdicción como elemento de entrada: Congreso "Fiapas"
- Número del congreso/reunión o número de parte o sección: 1º
- Fecha del congreso o de la firma del tratado: 1988
- Sede del congreso/Lugar de la reunión: Burgos
670 ## - FUENTE DE DATOS ENCONTRADOS
- Cita de la fuente: Work cat.: (ES-MaFIAP)151: Congreso "Fiapas" 1º 1988 Burgos, I Congreso "Fiapas", 1990





